| LEADER |
02189njm0a2200505 450 |
| 001 |
16868008 |
| 010 |
|
|
|a 190295677565
|
| 071 |
|
|
|a 9029567756
|b La Maison Des Rêves
|
| 100 |
|
|
|a 20201208d2018 u u0frey01 ba
|
| 101 |
0 |
|
|a fre
|
| 200 |
0 |
|
|a Magnétique
|f Barbara Carlotti
|
| 207 |
|
1 |
|a
|
| 210 |
|
|
|c Elektra Records
|d 2018
|
| 215 |
|
|
|a 2 Vinyle
|
| 327 |
|
|
|a Voir les étoiles tomber,Radio mentale sentimentale,Le mensonge,Tout ce que tu touches,Vampyr,Plaisir ou agonie ?,Phénomène composite,Paradise beach,La beauté du geste,Tu peux dormir,Bonheurs hybrides,Magnétique,Voir les étoiles tomber,Radio mentale sentim
|
| 330 |
|
|
|a Barbara est une artiste sensible et élégante, proche de ces contemporains tels que Dominique A, Philippe Katerine, Juliette Armanet, Bertrand Belin ou Bertrand Burgalat avec qui elle avait sorti son premier opus. Les deux albums suivants sont sortis sur le prestigieux label 4AD. Barbara est une artiste curieuse qui a aussi réalisé plusieurs créations contemporaines et qui a animé une émission sur France Inter, Cosmic fantaisie. Ce Magnétique se veut pop et solaire, porté par la thématique du rêve.
|
| 464 |
|
|
|a Voir les étoiles tomber
|
| 464 |
|
|
|a Radio mentale sentimentale
|
| 464 |
|
|
|a Le mensonge
|
| 464 |
|
|
|a Tout ce que tu touches
|
| 464 |
|
|
|a Vampyr
|
| 464 |
|
|
|a Plaisir ou agonie ?
|
| 464 |
|
|
|a Phénomène composite
|
| 464 |
|
|
|a Paradise beach
|
| 464 |
|
|
|a La beauté du geste
|
| 464 |
|
|
|a Tu peux dormir
|
| 464 |
|
|
|a Bonheurs hybrides
|
| 464 |
|
|
|a Magnétique
|
| 464 |
|
|
|a Voir les étoiles tomber
|
| 464 |
|
|
|a Radio mentale sentimentale
|
| 464 |
|
|
|a Le mensonge
|
| 464 |
|
|
|a Tout ce que tu touches
|
| 464 |
|
|
|a Vampyr
|
| 464 |
|
|
|a Plaisir ou agonie ?
|
| 464 |
|
|
|a Phénomène composite
|
| 464 |
|
|
|a Paradise beach
|
| 464 |
|
|
|a La beauté du geste
|
| 464 |
|
|
|a Tu peux dormir
|
| 464 |
|
|
|a Bonheurs hybrides
|
| 464 |
|
|
|a Magnétique
|
| 676 |
|
|
|a 8
|
| 700 |
|
0 |
|a Carlotti
|b Barbara
|4 230
|
| 702 |
|
0 |
|a Burgalat
|b Bertrand
|4 545
|
| 900 |
|
|
|a Documentaire
|
| 995 |
|
|
|a Médiathèque
|c Médiathèque
|f 00156009037276
|h 00156009037276
|k 8 CAR
|o p
|q a
|r je
|e Médiathèque
|